00430nam a2200121Ia 4500008004100000082001800041100001600059245006600075260005900141300001000200630001900210650007900229211109s9999||||xx |||||||||||||| ||und|| a954.06bTAN-Y aTandon, P D 0aYours Sincerely:A Collection of Letters Writton to p d Tandon bCollege Book House, M G RoadaThiruvananthapuramc1976 a215p. xgeneral stack  aHistory & geographyvHistory of Asia; Far EastxSouth Asia; IndiaGeneralia